| 000 | 00443nam a2200145Ia 4500 | ||
|---|---|---|---|
| 008 | 200619s9999 xx 000 0 und d | ||
| 020 | _a8177132210 | ||
| 082 | _a342.085LOK | ||
| 100 | _aLokaraj DoddamaniRaulol Srinivas S. | ||
| 245 | 0 | _aSindhollu (Karnataka Nomadic Community Studies -8) | |
| 264 |
_aBangalore _bKannada Pustaka Pradhikara _c2008 |
||
| 300 | _a170 | ||
| 942 | _cIR | ||
| 999 |
_c120065 _d120065 |
||